[Event "CHN-chT Torch Real Estate Cup"]
[Site "Wuxi"]
[Date "2005.05.14"]
[Round "13"]
[White "Zhao, Xue"]
[Black "Yuan, Jun"]
[Result "1-0"]
[WhiteElo "2478"]
[BlackElo "2306"]
[PlyCount "49"]
[EventDate "2005.05.08"]
[EventType "team-tourn"]
[EventRounds "13"]
[EventCountry "CHN"]
[SourceTitle "CBM 106 Extra"]
[Source "ChessBase"]
[SourceDate "2005.07.01"]
[SourceVersion "1"]
[SourceVersionDate "2005.07.01"]
[SourceQuality "1"]

1. d4 Nf6 2. c4 e6 3. Nf3 Bb4+ 4. Nbd2 b6 5. a3 Bxd2+ 6. Bxd2 Bb7 7. Bg5 d6 8. e3 Nbd7 9. Be2 h6 10. Bh4 0-0 11. 0-0 Qe7 12. Qc2 c5 13. Rfd1 Rac8 14. b4 Rfd8 15. Qa4 a6 16. Qb3 Ba8 17. Qb2 Rb8 18. Rac1 g5 19. Bg3 Ne4 20. Nd2 Nxg3 21. hxg3 Nf6 22. Rb1 cxd4 23. exd4 Ne4 24. Nf1 Qf6 25. f3 1-0

[Event "CHN-chT Torch Real Estate Cup"]
[Site "Wuxi"]
[Date "2005.05.12"]
[Round "11"]
[White "Qiao, Liang"]
[Black "Yuan, Jun"]
[Result "1/2-1/2"]
[WhiteElo "2350"]
[BlackElo "2306"]
[PlyCount "50"]
[EventDate "2005.05.08"]
[EventType "team-tourn"]
[EventRounds "13"]
[EventCountry "CHN"]
[SourceTitle "CBM 106 Extra"]
[Source "ChessBase"]
[SourceDate "2005.07.01"]
[SourceVersion "1"]
[SourceVersionDate "2005.07.01"]
[SourceQuality "1"]

1. e4 c5 2. c3 d5 3. exd5 Qxd5 4. d4 Nf6 5. Nf3 e6 6. Be3 cxd4 7. cxd4 Bb4+ 8. Nc3 0-0 9. Bd3 b6 10. 0-0 Bxc3 11. bxc3 Ba6 12. Bxa6 Nxa6 13. Ne5 Rac8 14. c4 Qb7 15. Qb3 h6 16. h3 Nb8 17. a4 Nc6 18. Nxc6 Rxc6 19. a5 Rfc8 20. Rfc1 Qd7 21. axb6 axb6 22. Rab1 Ra8 23. Rd1 Rac8 24. Re1 Ra8 25. Rbd1 Rac8 1/2-1/2

[Event "CHN-chT"]
[Site "Suzhou"]
[Date "2001.03.30"]
[Round "5"]
[White "Liang, Chong"]
[Black "Yuan, Jun"]
[Result "1-0"]
[WhiteElo "2581"]
[BlackElo "2299"]
[PlyCount "107"]
[EventDate "2001.03.02"]
[EventType "team"]
[EventRounds "10"]
[EventCountry "CHN"]
[SourceTitle "EXT 2002"]
[Source "ChessBase"]
[SourceDate "2001.11.25"]
[SourceVersion "1"]
[SourceVersionDate "2001.11.25"]
[SourceQuality "1"]

1. d4 Nf6 2. c4 e6 3. Nc3 Bb4 4. e3 0-0 5. Bd3 d5 6. Nf3 c5 7. 0-0 Nc6 8. a3 Bxc3 9. bxc3 dxc4 10. Bxc4 Qc7 11. Bb2 e5 12. h3 e4 13. Nd2 b6 14. Qe2 Bb7 15. Ba2 Rad8 16. Rac1 Qe7 17. Rfd1 Rd7 18. Nf1 Rfd8 19. Ng3 g6 20. a4 h5 21. Ba3 h4 22. Nf1 Nd5 23. Re1 Qg5 24. Qg4 Qxg4 25. hxg4 cxd4 26. cxd4 Kg7 27. Bb1 f5 28. gxf5 gxf5 29. f3 Nf6 30. Nd2 Ne7 31. Nc4 Bd5 32. Ne5 Rb7 33. Kf2 Ng6 34. Rc3 Kh6 35. Rec1 Re8 36. Bd6 Re6 37. Nxg6 Kxg6 38. Be5 b5 39. Rc5 Bc4 40. Rh1 a6 41. Bxf6 Rxf6 42. Rxh4 bxa4 43. Bxe4 Rb2+ 44. Kg3 Bb3 45. Rg4+ Kf7 46. Bxf5 a3 47. Rh4 a2 48. Rh1 Rh6 49. Rxh6 a1Q 50. Rh7+ Kf6 51. Rc6+ Be6 52. Bxe6 Kg5 53. Rh5+ Kf6 54. Bf5+ 1-0

[Event "CHN-chT"]
[Site "Suzhou"]
[Date "2001.03.29"]
[Round "4"]
[White "Yuan, Jun"]
[Black "Chen, Fan"]
[Result "1-0"]
[WhiteElo "2299"]
[BlackElo "2385"]
[PlyCount "69"]
[EventDate "2001.03.02"]
[EventType "team"]
[EventRounds "10"]
[EventCountry "CHN"]
[SourceTitle "EXT 2002"]
[Source "ChessBase"]
[SourceDate "2001.11.25"]
[SourceVersion "1"]
[SourceVersionDate "2001.11.25"]
[SourceQuality "1"]

1. e4 g6 2. d4 Bg7 3. Nf3 d6 4. Nc3 Nf6 5. h3 0-0 6. Be3 Nbd7 7. Be2 e5 8. dxe5 dxe5 9. Bc4 Qe7 10. 0-0 c6 11. a3 Nc5 12. Bxc5 Qxc5 13. Qe2 b5 14. Ba2 a5 15. Rfe1 Bh6 16. Qd3 Ra7 17. b4 axb4 18. axb4 Qe7 19. Rab1 Nh5 20. Red1 Rd7 21. Qf1 Nf4 22. Rxd7 Bxd7 23. Ne2 Ra8 24. Bb3 Bg7 25. Qe1 Be6 26. Nxf4 exf4 27. e5 Bxb3 28. Rxb3 f5 29. Rd3 Re8 30. Qc3 Qc7 31. Qd2 Re7 32. Rd8+ Bf8 33. Qd6 Qxd6 34. exd6 Re6 35. d7 1-0

[Event "CHN-chT"]
[Site "Suzhou"]
[Date "2001.03.27"]
[Round "2"]
[White "Yuan, Jun"]
[Black "Yu, Shaoteng"]
[Result "0-1"]
[WhiteElo "2299"]
[BlackElo "2493"]
[PlyCount "76"]
[EventDate "2001.03.02"]
[EventType "team"]
[EventRounds "10"]
[EventCountry "CHN"]
[SourceTitle "EXT 2002"]
[Source "ChessBase"]
[SourceDate "2001.11.25"]
[SourceVersion "1"]
[SourceVersionDate "2001.11.25"]
[SourceQuality "1"]

1. e4 e6 2. d4 d5 3. Nd2 Nf6 4. e5 Nfd7 5. Bd3 c5 6. c3 Nc6 7. Ne2 cxd4 8. cxd4 f6 9. exf6 Nxf6 10. Nf3 Qc7 11. 0-0 Bd6 12. Bg5 0-0 13. Rc1 Ng4 14. Ng3 g6 15. Nh4 Nf6 16. Qd2 Rf7 17. a3 Bd7 18. b4 a6 19. Bb1 Qb6 20. Rcd1 a5 21. Bxf6 Rxf6 22. Qg5 Qd8 23. b5 Na7 24. a4 Qe7 25. Qe3 Nc8 26. Nf3 Nb6 27. Bc2 Rc8 28. Bb3 Bf4 29. Qe2 Qa3 30. Rb1 Nxa4 31. Bxa4 Qxa4 32. Ne5 Bxe5 33. Qxe5 Rcf8 34. Ne2 Qa2 35. Nc3 Qd2 36. Qe3 Qxe3 37. fxe3 Rxf1+ 38. Rxf1 Rc8 0-1